| 000 | 00980nam a2200277 a 4500 | ||
|---|---|---|---|
| 001 | 77091 | ||
| 003 | BD-RjUL | ||
| 005 | 20211209082926.0 | ||
| 008 | 200224s1964 enk b 00100 eng d | ||
| 035 | _a(BD-RjUL)77315 | ||
| 035 | _a2260896 | ||
| 040 |
_aANL _beng _dNUNE _cBD-RjUL |
||
| 041 | 0 | _aeng | |
| 082 | 0 |
_a914.2 _bOGL 1964 |
|
| 100 | 1 |
_aOgilvie, R. M. _q(Robert Maxwell), _d1932- _9239717 |
|
| 245 | 1 | 0 |
_aLatin and Greek : _ba history of the influence of the classics on English life from 1600 to 1918 / _cR.M. Ogilvie. |
| 260 |
_aLondon : _bRoutledge & Kegan Paul, _c1964. |
||
| 300 |
_axiv, 189 p. ; _c23 cm. |
||
| 504 | _aIncludes bibliographical references and index. | ||
| 650 | 0 |
_aClassical literature _xStudy and teaching _zEngland _xHistory. _9239718 |
|
| 651 | 0 |
_aGreat Britain _xCivilization _xGreek influences. _9239719 |
|
| 651 | 0 |
_aGreat Britain _xCivilization _xRoman influences. _9239720 |
|
| 942 |
_2ddc _cBK |
||
| 999 |
_c77091 _d77091 |
||